Economie van de indische archipel
Wedi'i Gadw mewn:
| Prif Awdur: | |
|---|---|
| Fformat: | Llyfr |
| Iaith: | Undetermined |
| Cyhoeddwyd: |
New York
Deze oplage werd verzorgd door querido
1943
|
| Pynciau: | |
| Tagiau: |
Ychwanegu Tag
Dim Tagiau, Byddwch y cyntaf i dagio'r cofnod hwn!
|
| Thư viện lưu trữ: | Trung tâm Học liệu Trường Đại học Cần Thơ |
|---|
| LEADER | 00545nam a2200193Ia 4500 | ||
|---|---|---|---|
| 001 | CTU_105492 | ||
| 008 | 210402s9999 xx 000 0 und d | ||
| 082 | |a 330.9 | ||
| 082 | |b S854 | ||
| 100 | |a Stikker, A. H. | ||
| 245 | 0 | |a Economie van de indische archipel | |
| 245 | 0 | |c A. H. Stikker | |
| 260 | |a New York | ||
| 260 | |b Deze oplage werd verzorgd door querido | ||
| 260 | |c 1943 | ||
| 650 | |a Economics,Economic conditions | ||
| 650 | |z Dutch East Indies | ||
| 904 | |i Hiếu | ||
| 980 | |a Trung tâm Học liệu Trường Đại học Cần Thơ | ||